| 000 | 00711nam a22002291 4500 | ||
|---|---|---|---|
| 001 | 141030 | ||
| 003 | ES-MaACL | ||
| 005 | 20250731030159.0 | ||
| 007 | t| | ||
| 008 | 070919s1965 sp ||||0| spa d | ||
| 016 | 7 | _zIND2000945716 | |
| 040 |
_aM-BN _bspa _cCDM |
||
| 080 | _a63(02) | ||
| 100 | 1 |
_aWilsie, Carroll P. _9117007 |
|
| 245 | 1 | 0 |
_aCultivos _b: aclimatación y distribución / _cCarroll P. Wilsie ; traducción del Dr. Manuel Serrano García. |
| 260 |
_aZaragoza : _bAcribia, _c[1965] |
||
| 300 |
_a491 p. : _bmapas, il. ; _c24 cm. |
||
| 650 | 0 | 7 |
_aAgricultura _2embne _99670 |
| 700 | 1 |
_aSerrano García, Manuel. _9105754 |
|
| 852 |
_aES-MaACL _jC-29236 _bR.59709 |
||
| 999 |
_c141030 _d141030 |
||